Deutsche Lieder nach Buchstabe - S - Statistiken

Allgemein
  • Dieses Quiz wurde 205 mal gespielt
  • Das Durchschnittsergebnis liegt bei 6 aus 18
Antwortstatistiken
Titel Interpret % Korrekt
Skandal im Sperrbezirk Spider Murphy Gang
68%
Santa Maria Roland Kaiser
65%
Schatzi schenk mir ein Foto Mickie Krause
62%
Schwarz zu blau Peter Fox
55%
Stadt Cassandra Steen feat. Adel Tawil
46%
Schüsse in die Luft Kraftklub
45%
Schön ist es auf der Welt zu sein Roy Black & Anita
43%
Schwule Mädchen Fettes Brot
42%
Sternenhimmel Hubert Kah
40%
Still Jupiter Jones
36%
Schönste Zeit Bosse
33%
So perfekt Casper
24%
Spaniens Gitarren Cindy & Bert
23%
Schifoan Wolfgang Ambros
19%
Selber machen lassen Deichkind
15%
So a saudummer Tag Konstantin Wecker
5%
Sommer in Stubenberg Neodisco
2%
Sieben Subway To Sally
2%
Keine übereinstimmenden Quizze gefunden
Verteilung der Resultate
Anzahl Personen mit jedem Resultat
Perzentil nach korrekt beantworteten Fragen
Ihre Resultats-Entwicklung
Sie haben dieses Quiz noch nicht gespielt